Daňová kontrola

Oznámenie o výkone, o začatí daňovej kontroly. Práva a povinnosti kontrolovaného daňového subjektu. Rozhodnutie o zabezpečení tovaru a vecí. Protokol o daňovej kontrole.

Na minha lista:
Detalhes bibliográficos
Formato: Capítulo de Livro
Idioma:eslovaco
Assuntos:
Tags: Adicionar Tag
Sem tags, seja o primeiro a adicionar uma tag!

MARC

LEADER 00000naa a2200000 4500
001 r048457
005 20230927071539.8
041 0 |a slo 
044 |a SK 
245 1 0 |a Daňová kontrola 
520 |a Oznámenie o výkone, o začatí daňovej kontroly. Práva a povinnosti kontrolovaného daňového subjektu. Rozhodnutie o zabezpečení tovaru a vecí. Protokol o daňovej kontrole. 
610 2 0 |a kontrola daňová 
610 2 0 |a daňovníci